<?xml version="1.0" encoding="UTF-8"?><?xml-stylesheet type="text/xsl" href="static/style.xsl"?><OAI-PMH xmlns="http://www.openarchives.org/OAI/2.0/" xmlns:xsi="http://www.w3.org/2001/XMLSchema-instance" xsi:schemaLocation="http://www.openarchives.org/OAI/2.0/ http://www.openarchives.org/OAI/2.0/OAI-PMH.xsd"><responseDate>2026-04-28T17:55:44Z</responseDate><request verb="GetRecord" identifier="oai:riubu.ubu.es:10259/4566" metadataPrefix="marc">https://riubu.ubu.es/oai/request</request><GetRecord><record><header><identifier>oai:riubu.ubu.es:10259/4566</identifier><datestamp>2022-04-29T12:02:46Z</datestamp><setSpec>com_10259_4244</setSpec><setSpec>com_10259_5086</setSpec><setSpec>com_10259_2604</setSpec><setSpec>col_10259_4245</setSpec></header><metadata><record xmlns="http://www.loc.gov/MARC21/slim" xmlns:doc="http://www.lyncode.com/xoai" xmlns:xsi="http://www.w3.org/2001/XMLSchema-instance" xmlns:dcterms="http://purl.org/dc/terms/" xsi:schemaLocation="http://www.loc.gov/MARC21/slim http://www.loc.gov/standards/marcxml/schema/MARC21slim.xsd">
<leader>00925njm 22002777a 4500</leader>
<datafield tag="042" ind1=" " ind2=" ">
<subfield code="a">dc</subfield>
</datafield>
<datafield tag="720" ind1=" " ind2=" ">
<subfield code="a">Melgosa Gómez, Rodrigo</subfield>
<subfield code="e">author</subfield>
</datafield>
<datafield tag="720" ind1=" " ind2=" ">
<subfield code="a">Sanz Díez, Mª Teresa</subfield>
<subfield code="e">author</subfield>
</datafield>
<datafield tag="720" ind1=" " ind2=" ">
<subfield code="a">García Solaesa, Ángela</subfield>
<subfield code="e">author</subfield>
</datafield>
<datafield tag="720" ind1=" " ind2=" ">
<subfield code="a">Beltrán Calvo, Sagrario</subfield>
<subfield code="e">author</subfield>
</datafield>
<datafield tag="260" ind1=" " ind2=" ">
<subfield code="c">2017-12</subfield>
</datafield>
<datafield tag="520" ind1=" " ind2=" ">
<subfield code="a">This work provides experimental fluid phase equilibrium data of the pseudo-ternary mixture CO2 + ethanol + fish oil, a system of interest in pharmaceutical and food-industry applications such as the production of omega-3-enriched lipid derivatives at mild, non-oxidative conditions. Experimental tie-lines were obtained by means of an analytical isothermal method with recirculation of the vapour phase. Measurements were carried out in the temperature range 323.15 K–343.15 K and at pressures from 10 MPa to 30 MPa. The Peng-Robinson equation of state coupled with the conventional van der Waals mixing rules with two adjustable parameters was used for experimental data correlation.</subfield>
</datafield>
<datafield tag="024" ind2=" " ind1="8">
<subfield code="a">0021-9614</subfield>
</datafield>
<datafield tag="024" ind2=" " ind1="8">
<subfield code="a">http://hdl.handle.net/10259/4566</subfield>
</datafield>
<datafield tag="024" ind2=" " ind1="8">
<subfield code="a">10.1016/j.jct.2017.07.032</subfield>
</datafield>
<datafield ind1=" " ind2=" " tag="653">
<subfield code="a">Phase equilibrium</subfield>
</datafield>
<datafield ind1=" " ind2=" " tag="653">
<subfield code="a">Supercritical carbon dioxide</subfield>
</datafield>
<datafield ind1=" " ind2=" " tag="653">
<subfield code="a">Ethanol</subfield>
</datafield>
<datafield ind1=" " ind2=" " tag="653">
<subfield code="a">Fish oilThermodynamic modelling</subfield>
</datafield>
<datafield ind1=" " ind2=" " tag="653">
<subfield code="a">Peng-Robinson equation of state</subfield>
</datafield>
<datafield tag="245" ind1="0" ind2="0">
<subfield code="a">Phase behaviour of the pseudo-ternary system carbon dioxide + ethanol + fish oil at high pressures</subfield>
</datafield>
</record></metadata></record></GetRecord></OAI-PMH>